000 00579nam a2200181 i 4500
001 26394
003 ES-MaACL
005 20251223063015.0
007 t|
008 030109s1961 sp ||||1| spa d
100 0 _aAster, Ernst von
_923670
245 1 0 _aIntroducción a la filosofía contemporánea /
_cErnst von Aster ; versión del alemán... por Felipe González Vicen.
260 _aMadrid :
_bGuadarrama,
_c[1961]
300 _a397 p. ;
_c20 cm.
700 1 _aGonzález Vicen, Felipe.
_959017
852 _aES-MaACL
_jC-20817
_bR.49408
999 _c26394
_d26394